Studio sulle "comedias de santos" di lope de vega /

Guardado en:
Autor Principal: Aragone Terni, Elisa
Formato: Libro
Publicado: Messina-firenze : D'anna, 1971
Series:Public.dell'istituto Ispanico
Materias:
Etiquetas: Agregar Etiqueta
Sin Etiquetas, Sea el primero en etiquetar este registro!
LEADER 00546nam a22001695a 4500
001 EHU.bham008163
003 AR-BHAM
005 20100106135839.0
008 130507s1971##################000#0#####d
082 8 6 |a 862.307 
100 1 |a Aragone Terni, Elisa 
245 1 0 |a Studio sulle "comedias de santos" di lope de vega /  |c Elisa Aragone Terni. 
260 |a Messina-firenze :  |b D'anna,  |c 1971 
300 |a 205 p. 
490 0 |a Public.dell'istituto Ispanico 
653 |a Teatro espaÑol-1517-1700 
859 |a AR-BHAM  |b BIB. HUMANIDADES - General  |h 862.307  |i Ar12  |p 32.73  |t Ej.1